|
|
|
|
| LEADER |
00941nam a2200289 a 4500 |
| 001 |
236 |
| 003 |
BD-DhAAL |
| 005 |
20150913193856.0 |
| 008 |
150913s1996 ilua 001 0 eng |
| 010 |
|
|
|a 95020806
|
| 020 |
|
|
|a 025611461
|
| 020 |
|
|
|a 0256196451
|
| 040 |
|
|
|a DLC
|c DLC
|d DLC
|d BD-DhAAL
|
| 050 |
0 |
0 |
|a HF5635
|b .P975 1996
|
| 082 |
0 |
0 |
|a 657
|2 20
|
| 100 |
1 |
|
|a Larson, Kermit D.
|9 14609
|
| 245 |
1 |
0 |
|a Fundamental accounting principles /
|c Kermit D. Larson, Barbara Chiappetta.
|
| 250 |
|
|
|a 13th ed.
|
| 260 |
|
|
|a Chicago :
|a Homewood :
|b Irwin,
|c c1993.
|
| 300 |
|
|
|a iii, 599 :
|b col. ill. ;
|c 26 cm.
|
| 500 |
|
|
|a Includes index.
|
| 541 |
|
|
|e 236
|
| 650 |
|
0 |
|a Accounting.
|9 14610
|
| 700 |
1 |
|
|a Chiappetta, Barbara.
|9 7558
|
| 942 |
|
|
|2 ddc
|c BK
|
| 999 |
|
|
|c 35520
|d 35520
|
| 952 |
|
|
|0 0
|1 0
|2 ddc
|4 0
|6 657_000000000000000_LAR
|7 0
|9 55871
|a SCL
|b SCL
|c GEN
|d 2015-09-13
|e Gift: The Asia Foundation
|l 0
|o 657 LAR
|p 3020000236
|r 2015-09-13
|t 1
|w 2015-09-13
|y BK
|